Manažment znalostí a procesné riadenie v znalostnej ekonomike na úrovni územnej samosprávy

Smerovanie Slovenskej republiky k znalostnej ekonomike a spoločnosti ako najvážnejšia výzva budúcnosti. Ľudský a sociálny kapitál - aspekty ekonomiky, ktoré ovplyvňujú kvalitu ekonomického rastu ako aj celkový rast kvality života. Manažment znalostí (knowledge management) v podmienkach územnej samos...

Ausführliche Beschreibung

Gespeichert in:
Bibliographische Detailangaben
1. Verfasser: Kozovský, Dušan
Format: Buchkapitel
Sprache:Slowakisch
Schlagworte:
Tags: Tag hinzufügen
Keine Tags, Fügen Sie das erste Tag hinzu!

MARC

LEADER 00000nla$a2200000$$$4500
001 0107799
005 20240613065332.8
041 0 |a slo 
044 |a SK 
245 1 0 |a Manažment znalostí a procesné riadenie v znalostnej ekonomike na úrovni územnej samosprávy  |c Dušan Kozovský 
520 |a Smerovanie Slovenskej republiky k znalostnej ekonomike a spoločnosti ako najvážnejšia výzva budúcnosti. Ľudský a sociálny kapitál - aspekty ekonomiky, ktoré ovplyvňujú kvalitu ekonomického rastu ako aj celkový rast kvality života. Manažment znalostí (knowledge management) v podmienkach územnej samosprávy. Znalostne orientované riadenie organizácií územnej samosprávy smerujúce k procesnej optimalizácii. 
610 2 0 |a manažment znalostný 
610 2 0 |a riadenie znalostí 
610 2 0 |a ekonomika vedomostná 
610 2 0 |a spoločnosť vedomostná 
610 2 0 |a samospráva 
610 2 0 |a kultúra podniková 
610 2 0 |a štruktúra organizačná 
610 2 0 |a kapitál ľudský 
610 2 0 |a kapitál sociálny 
610 2 0 |a riadenie procesné 
610 2 0 |a Slovensko 
100 1 |a Kozovský, Dušan